Бялото злато (Запис номер 176861)
[ съкратено ]
| 000 -Лидер | |
|---|---|
| Контролно поле с фиксирана дължина | 02052nam a2200409 c 4500 |
| 003 - Код на организацията, давaща контролен номер | |
| Контролно поле | BLK |
| 005 - Дата и час на последна редакция | |
| Контролно поле | 20200831095322.0 |
| 008 - Елементи от данни с фиксирана дължина | |
| fixed length control field | 180411b bul|||||r ||||||| ||bul|| |
| 010 ## - Наследен системен номер | |
| LC control number | KNG00185491000 |
| 020 ## - Международен стандартен номер на книга ISBN | |
| Международен стандартен номер на книга ISBN | 978-619-7245-07-3 |
| -- | издат.: Авлига |
| 040 ## - Източник на каталожния запис | |
| Идентификатор на билиотеката - собственик на записа | BLK |
| 041 ## - Код за език | |
| Код за езика на текст/звукозапис или на отделно заглавие | Български |
| Код за езика КДБФ | Български |
| 072 #7 - Код за тематичната категория | |
| Код организация | bullib |
| Код за тематична категория | Н34 |
| Текст | Право Н |
| 080 ## - УДК | |
| Текстов определител УДК | Специална част на наказателното право. Видове наказуеми действия - Срещу собствена или чужда държава и управлението, политически престъпления,геноцид(прав.аспекти), наркотрафик, против мира, обществен |
| УДК код - определител по УДК | 343.3/.7 |
| УДК определител | (100) |
| УДК - код + определител | 343.3/.7(100) |
| 100 1# - Редна дума - Автор | |
| Автор | Гратери, Никола |
| Авторска отговорност | първи автор |
| R(LIN) | 55800 |
| 139 ## - Редно поле | |
| Редна дума | Гратери, Никола и др. |
| Авторски знак | Грас - Г 78 |
| 245 10 - Сведения за заглавието | |
| Заглавие | Бялото злато |
| Редно поле (дума) | Никола Гратери; съавт. Антонио Никасо; прев. от итал. Таня Георгиева Кольовска. |
| 257 ## - Страна на издаване | |
| Страна на създаване/издаване | Италия |
| 260 ## - Област на издателските данни | |
| -- | София |
| Име на издателя, разпространителя и проч. | Авлига |
| Година на издаване | 2015 |
| Печатница | Пловдив : Булвест принт |
| 300 ## - Физическа характеристика | |
| Страници | 232 с. |
| Размери/Мащаб | 21 см |
| 380 ## - Жанр | |
| Жанр | Обществени науки |
| 500 ## - Общи забележки | |
| Забележка | Ориг. загл. Oro blanco / Nicola Gratteri, Antonio Nicaso. - Съдържа и за авт. |
| 650 #4 - Допълнително описание по предмет – тема | |
| Основно описание – тема или топоним | Престъпления - против живота и здравето |
| 9 (RLIN) | 260598 |
| 650 #4 - Допълнително описание по предмет – тема | |
| Основно описание – тема или топоним | Наркомания - правни проблеми |
| 9 (RLIN) | 297822 |
| 650 #4 - Допълнително описание по предмет – тема | |
| Основно описание – тема или топоним | Наркотични средства |
| 9 (RLIN) | 268521 |
| 653 ## - Ключова дума – ненормативна | |
| Ключова дума | трафик на наркотици |
| 653 ## - Ключова дума – ненормативна | |
| Ключова дума | кокаин |
| 653 ## - Ключова дума – ненормативна | |
| Ключова дума | наркотици |
| 659 ## - Тематичен бюлетин | |
| Тематичен бюлетин | Н |
| 700 1# - Други автори (авторска отговорност) | |
| Лично име | Никазо, Антонио |
| Автороска отговорност (Описва отношението между автора и произведението) | съавт. |
| 9 (RLIN) | 102217 |
| 700 1# - Други автори (авторска отговорност) | |
| Лично име | Кольовска, Таня Георгиева |
| Автороска отговорност (Описва отношението между автора и произведението) | прев. от итал. |
| 9 (RLIN) | 370937 |
| 852 ## - Местоположение | |
| Форматна сигнатура | Цб 278590 |
| 856 4# - Електронен адрес и достъп | |
| Електронен формат | pdf - файл |
| Път до файла /url/ | |
| 856 4# - Електронен адрес и достъп | |
| Електронен формат | pdf - файл |
| Път до файла /url/ | |
| 942 ## - АРТИКУЛИ | |
| Вид на библиотечния материал | Книги |
| Скрит в OPAC | Не |
| Koha issues (borrowed), all copies | 1 |
| 944 ## - СЪЗДАВАНЕ И РЕДАКЦИЯ на ЗАПИСА | |
| Създаване/Редакция | Създаване |
| Дата на регистрацията/редакция | 12.12.2015 |
| Статус, дата на статуса | ф / |
| Служител, извършил регистрацията/редакцията | Виолета_Тройчева |
| 944 ## - СЪЗДАВАНЕ И РЕДАКЦИЯ на ЗАПИСА | |
| Създаване/Редакция | Редакция |
| Дата на регистрацията/редакция | 28.10.2017 |
| Статус, дата на статуса | ф / |
| Служител, извършил регистрацията/редакцията | Пенка_Димитрова |
| 999 ## - СИСТЕМНИ КОНТРОЛНИ НОМЕРА | |
| Koha biblionumber | 176861 |
| Koha biblioitemnumber | 176861 |
| Код за отписване | Код за изгубен артикул | Код за повреда | Коз за рестрикции | Код за отдаване | Артикулен № | Име на библиотеката - собственик | Име на библиотеката, в която се намира в момента | Статус (Текущо местоположение) | Дата на вписване в системата | Местоположение - отдел | Цена в лева | Инвентарен номер | Систематично азбучна сигнатура | Баркод | Номер на екземпляра | Цена в евро | Служебна бележка | Служебен тип на артикула |
|---|---|---|---|---|---|---|---|---|---|---|---|---|---|---|---|---|---|---|
| Не е изгубен | Не е повреден | без рестрикции | заемане за дома | 304135 | Регионална библиотека "Любен Каравелов" Русе | Регионална библиотека "Любен Каравелов" Русе | Заемна - подръчен фонд | 2015-12-15 | Заемна - подръчен фонд | 14.50 | 120000795704 | П 343/Г 78 | 120000795704 | 1 | 7.41 | Дост: Pk Вид: Ф N: 446 Дата: 14.12.2015 Дата инв: 05.02.2018 Бележки инв: П2018 | Книги | |
| Не е изгубен | Не е повреден | без рестрикции | ползва се в читалня | 304136 | Регионална библиотека "Любен Каравелов" Русе | Регионална библиотека "Любен Каравелов" Русе | Хранилище | 2017-10-28 | Хранилище | 14.50 | 120000816480 | Цб 278590 | 120000816480 | 2 | 7.41 | Дост: Dp Вид: Д N: 39 Дата: 25.08.2017 | Книги |